000 00283nam a22001337a 4500
020 _a1-86509-484-6
082 _a823
_bDAL/M
100 _aDALGLEISH, SHARON
245 _aITS A MYSTERY
260 _aUK
_bSCHOLASTIC
300 _a32
650 _aENGLISH SHORT STORY
_zUK
942 _cBK
999 _c3551
_d3551